000 01454nam0a22003251 4500
001 rc\3117784
005 20260408092342.0
010 _dБеспл.
_9700
021 _aRU
_b1788/32 г.
035 _a(NLR Aleph) 011442504
090 _a11710498
_c11710498
100 _a20110914d1931 |||y0rusy50 ca
101 0 _arus
102 _aRU
105 _ay z |||||
200 1 _aГеологические структуры районов минеральных вод
_e[тезисы]
_fдокладчик А. М. Овчинников. (Ин-т курортологии)
_g1-й Всес. гидрогеол. съезд
210 _a[Ленинград
_cГеолгиз
_d1931]
_gтипография им. Котлякова
215 _a4 с.
_d18х13
309 _aБез тит. л. и обложки
606 1 _aМинеральные воды
_jТезисы
_yСССР
_91113746
_3RU\NLR\AUTH\66120596
686 0 _aД463.5-09(2)
_2rubbk
700 1 _aОвчинников
_bА.М.
_f1904-1969
_gАлександр Михайлович
711 0 2 _aЛенинградский НИИ курортологии
_3RU\NLR\AUTH\8810231843
_9348717
712 1 2 _4570
_aВсесоюзный гидрогеологический съезд
_d1
_f1931
_eЛенинград
_3RU\NLR\AUTH\8810202561
_9293166
801 0 _aRU
_bNLR
_gpsbo
801 1 _aRU
_bELAR
_2rusmarc
801 2 _aRU
_bNLR
_c20170720
_2rusmarc
852 _aNLR
_j32-8/4470
942 _cBOOK
980 _aNB